000 00262nam a2200109Ia 4500
005 20250424120229.0
008 250424s9999 xx 000 0 und d
022 _aTA 455 .C58/
050 _aCivil, earth and water engineering
260 _aCRC Press
650 _aSR
999 _c38131
_d38131